[Event "Campeonato de Aragon por Equipos 2024 - "]
[Site "?"]
[Date "2024.03.09"]
[Round "7.9"]
[White "Garza Marco, Sergio"]
[Black "Del Rey, Diego"]
[Result "0-1"]
[WhiteElo "2376"]
[BlackElo "2302"]
[PlyCount "120"]
[GameId "2166508134089194"]
[EventDate "2024.01.27"]
[WhiteTeam "Helios"]
[BlackTeam "El Olivar"]

1. e4 c5 2. Nf3 Nc6 3. d4 cxd4 4. Nxd4 e5 5. Nb5 a6 6. Nd6+ Bxd6 7. Qxd6 Qe7 8. Qd1 Nf6 9. Nc3 d6 10. Bg5 Be6 11. Nd5 Bxd5 12. exd5 Nb8 13. Qf3 Nbd7 14. O-O-O Rc8 15. Kb1 O-O 16. Be2 b5 17. Rhe1 h6 18. Be3 Nh7 19. g4 Nc5 20. Bf1 Ng5 21. Qe2 Qf6 22. Bg2 Qg6 23. h4 Nge4 24. Bc1 f5 25. h5 Qf7 26. gxf5 Nf6 27. Bf3 e4 28. Bg2 Qxh5 29. Qxh5 Nxh5 30. f3 exf3 31. Bxf3 Ng3 32. Bg4 Nxf5 33. Rf1 g6 34. Bxf5 Rxf5 35. Bxh6 Ne4 36. Rxf5 gxf5 37. Bf4 Kf7 38. Rh1 Rg8 39. Rh7+ Kf6 40. c3 Rg4 41. Be3 Ke5 42. Kc2 Kxd5 43. Rf7 Ke6 44. Rf8 Rg2+ 45. Kb3 Nd2+ 46. Bxd2 Rxd2 47. Ra8 f4 48. Rxa6 f3 49. Ra8 f2 50. Rf8 Kd5 51. c4+ bxc4+ 52. Kc3 Re2 53. a4 Ke4 54. Kxc4 d5+ 55. Kc5 Rc2+ 56. Kb4 Rxb2+ 57. Kc3 Ra2 58. Re8+ Kf3 59. Rf8+ Ke2 60. Kb3 Ra1 0-1

[Event "Campeonato de Aragon por Equipos 2024 - "]
[Site "?"]
[Date "2024.03.09"]
[Round "7.10"]
[White "Munoz Perez, Ivan"]
[Black "Navarro Alonso, Jorge"]
[Result "1/2-1/2"]
[WhiteElo "2259"]
[BlackElo "2173"]
[PlyCount "39"]
[GameId "2166508134126059"]
[EventDate "2024.01.27"]
[WhiteTeam "El Olivar"]
[BlackTeam "Helios"]

1. e4 c5 2. b3 Nc6 3. Bb2 d6 4. g3 e5 5. Bg2 g6 6. Ne2 Bg7 7. O-O Nge7 8. c4 Bg4 9. h3 Be6 10. Nbc3 Qd7 11. Kh2 h5 12. Nd5 f5 13. f3 O-O-O 14. d3 g5 15. Ng1 Rdg8 16. Qd2 g4 17. h4 gxf3 18. Rxf3 Bh6 19. Qf2 Rg6 20. Bh3 1/2-1/2

[Event "Campeonato de Aragon por Equipos 2024 - "]
[Site "?"]
[Date "2024.03.09"]
[Round "7.11"]
[White "Guzman Moneo, Alberto"]
[Black "Miranda Herrera, Miguel"]
[Result "0-1"]
[WhiteElo "2170"]
[BlackElo "2104"]
[PlyCount "72"]
[GameId "2166508134212076"]
[EventDate "2024.01.27"]
[WhiteTeam "Helios"]
[BlackTeam "El Olivar"]

1. e4 e5 2. Nf3 Nc6 3. Bc4 Bc5 4. c3 Nf6 5. d3 O-O 6. Bb3 d5 7. Qe2 a5 8. a4 Be6 9. Bc2 h6 10. Nbd2 Ba7 11. O-O Qe7 12. Nb3 Bg4 13. h3 Bh5 14. Be3 d4 15. Bc1 Rad8 16. Nbd2 Nd7 17. Re1 Nc5 18. Nf1 f5 19. exf5 e4 20. g4 exd3 21. Qxe7 Nxe7 22. Rxe7 dxc2 23. Nxd4 Rfe8 24. Rxe8+ Bxe8 25. Nxc2 Nb3 26. Rb1 Rd1 27. Be3 Rxb1 28. Bxa7 Nd2 29. Nce3 Bxa4 30. Kg2 Bc6+ 31. f3 Nxf1 32. Nxf1 Rxb2+ 33. Kg3 b6 34. Bb8 a4 35. Bxc7 a3 36. c4 a2 0-1

[Event "Campeonato de Aragon por Equipos 2024 - "]
[Site "?"]
[Date "2024.03.09"]
[Round "7.12"]
[White "Galstyan, David"]
[Black "Carraminana Lopez, Luis Antonio"]
[Result "1/2-1/2"]
[WhiteElo "2052"]
[BlackElo "1865"]
[PlyCount "43"]
[GameId "2166508134351341"]
[EventDate "2024.01.27"]
[WhiteTeam "El Olivar"]
[BlackTeam "Helios"]

1. e4 e5 2. Nf3 Nc6 3. Nc3 Nf6 4. d4 Bb4 5. Nxe5 Bxc3+ 6. bxc3 Qe7 7. Nxc6 Qxe4+ 8. Be2 Qxc6 9. O-O O-O 10. c4 d5 11. cxd5 Nxd5 12. Qd2 Nb6 13. Bf3 Qg6 14. Re1 c6 15. c3 Be6 16. a4 Rfe8 17. a5 Nc4 18. Qf4 Bd5 19. Be3 h6 20. Bxd5 cxd5 21. h3 Qc6 22. Qg3 1/2-1/2

[Event "Campeonato de Aragon por Equipos 2024 - "]
[Site "?"]
[Date "2024.03.09"]
[Round "7.13"]
[White "Hinojar Basa, Alfonso"]
[Black "Van Ojik, Mark"]
[Result "1/2-1/2"]
[WhiteElo "2215"]
[BlackElo "2265"]
[PlyCount "70"]
[GameId "2166508134396398"]
[EventDate "2024.01.27"]
[WhiteTeam "Marcos Frechin A"]
[BlackTeam "ONCE C. A. Aragon"]

1. e4 e5 2. Nf3 Nc6 3. Bb5 a6 4. Ba4 Nf6 5. Qe2 b5 6. Bb3 Be7 7. c3 d6 8. O-O O-O 9. d4 Bg4 10. Rd1 exd4 11. cxd4 d5 12. e5 Ne4 13. Nc3 Nxc3 14. bxc3 Qd7 15. Re1 Na5 16. Bc2 Bf5 17. e6 fxe6 18. Bxf5 Rxf5 19. Qxe6+ Qxe6 20. Rxe6 Bd6 21. Bg5 Nc4 22. Rae1 a5 23. Be7 b4 24. Bxd6 cxd6 25. cxb4 axb4 26. R1e2 h6 27. h4 Rf4 28. Kh2 Re4 29. R6xe4 dxe4 30. Rxe4 Rxa2 31. d5 Rc2 32. Nd4 Rxf2 33. Nc6 Nb6 34. Nxb4 Rd2 35. Re6 Nc4 1/2-1/2

[Event "Campeonato de Aragon por Equipos 2024 - "]
[Site "?"]
[Date "2024.03.09"]
[Round "7.14"]
[White "Laliena Solanes, Luis"]
[Black "Fuster Garcia, Luis Miguel"]
[Result "1/2-1/2"]
[WhiteElo "2159"]
[BlackElo "2143"]
[PlyCount "73"]
[GameId "2166508134433263"]
[EventDate "2024.01.27"]
[WhiteTeam "ONCE C. A. Aragon"]
[BlackTeam "Marcos Frechin A"]

1. d4 g6 2. e4 Bg7 3. Nc3 c6 4. f4 d5 5. e5 h5 6. Nf3 Bg4 7. h3 Bxf3 8. Qxf3 e6 9. Be3 Nh6 10. Bd3 h4 11. Ne2 Nf5 12. O-O-O Nd7 13. Kb1 Nb6 14. g4 hxg3 15. Nxg3 Bf8 16. Bf2 Be7 17. Nxf5 gxf5 18. h4 Na4 19. Be2 Qb6 20. Qb3 Qxb3 21. axb3 Nb6 22. Rdg1 Kd7 23. Rg7 Rag8 24. Rxg8 Rxg8 25. h5 Ke8 26. Kc1 Nd7 27. Kd2 Nf8 28. Bf3 Nh7 29. Ke2 Nf8 30. c4 Kd7 31. Rg1 Rxg1 32. Bxg1 f6 33. Bf2 Ke8 34. Kd3 Kd7 35. Kd2 Nh7 36. Be2 fxe5 37. dxe5 1/2-1/2

[Event "Campeonato de Aragon por Equipos 2024 - "]
[Site "?"]
[Date "2024.03.09"]
[Round "7.15"]
[White "Miranda Herrera, Jorge Manuel"]
[Black "Gavin Roche, Enrique"]
[Result "1/2-1/2"]
[WhiteElo "2091"]
[BlackElo "2164"]
[PlyCount "97"]
[GameId "2166508134470128"]
[EventDate "2024.01.27"]
[WhiteTeam "Marcos Frechin A"]
[BlackTeam "ONCE C. A. Aragon"]

1. e4 e5 2. Nf3 d6 3. d4 Nf6 4. Nc3 Nbd7 5. Bc4 Be7 6. O-O O-O 7. Re1 c6 8. a4 b6 9. Ba2 a6 10. h3 Bb7 11. Be3 b5 12. b4 a5 13. Rb1 axb4 14. Rxb4 d5 15. Rb1 Nxe4 16. Nxe4 dxe4 17. Nxe5 Nxe5 18. dxe5 Rxa4 19. Bb3 Ra6 20. Qg4 c5 21. Red1 Qc8 22. Qxc8 Bxc8 23. Bd5 b4 24. Bxe4 Be6 25. f4 g6 26. g4 f5 27. exf6 Rxf6 28. Ra1 Bc4 29. Rxa6 Rxa6 30. Kf2 Rd6 31. Ra1 Ra6 32. Bd5+ Kg7 33. Rxa6 Bxa6 34. g5 Bc8 35. h4 Bf5 36. Bb3 h5 37. Bc1 Kf8 38. Bb2 Bd6 39. Ke3 Ke7 40. Bf6+ Kd7 41. c3 bxc3 42. Bxc3 Kc6 43. Bc4 Bc7 44. Bd2 Kd7 45. Bc3 Bd8 46. Bd2 Ke7 47. Bc3 Bc2 48. Bf6+ Kd7 49. Bc3 1/2-1/2

[Event "Campeonato de Aragon por Equipos 2024 - "]
[Site "?"]
[Date "2024.03.09"]
[Round "7.16"]
[White "Baigorri Navarro, Francisco Javier"]
[Black "Moya Gimeno, Raul"]
[Result "0-1"]
[WhiteElo "2137"]
[BlackElo "1928"]
[PlyCount "86"]
[GameId "2166508134511089"]
[EventDate "2024.01.27"]
[WhiteTeam "ONCE C. A. Aragon"]
[BlackTeam "Marcos Frechin A"]

1. d4 Nf6 2. c4 g6 3. Nc3 Bg7 4. e4 d6 5. Nf3 O-O 6. Be2 e5 7. O-O Nc6 8. d5 Ne7 9. b4 a5 10. Ba3 b6 11. bxa5 Rxa5 12. Bb4 Ra8 13. a4 Nd7 14. a5 f5 15. axb6 Nxb6 16. Rxa8 Nxa8 17. Qb3 fxe4 18. Nxe4 Bf5 19. Nfd2 Nb6 20. c5 Nbc8 21. Bc4 Kh8 22. Qa3 Nc6 23. cxd6 Nxb4 24. dxc7 Qxc7 25. Qxb4 Rd8 26. Rb1 Qa7 27. h3 Qd4 28. Ba2 Qd3 29. Re1 Bf8 30. Qa5 Rd7 31. Re3 Qd4 32. Nf3 Qa1+ 33. Re1 Qb2 34. Qa8 Ra7 35. Qc6 Qxa2 36. g4 Qa6 37. Qe8 Kg8 38. gxf5 gxf5 39. Neg5 Re7 40. Qd8 e4 41. Ne6 Rxe6 42. dxe6 exf3 43. e7 Qg6+ 0-1

[Event "Campeonato de Aragon por Equipos 2024 - "]
[Site "?"]
[Date "2024.03.09"]
[Round "7.17"]
[White "Cifuentes Parada, Roberto"]
[Black "Vela Frago, Alberto"]
[Result "1/2-1/2"]
[WhiteElo "2380"]
[BlackElo "2310"]
[PlyCount "71"]
[GameId "2166508134547954"]
[EventDate "2024.01.27"]
[WhiteTeam "Jaque - Aramovil"]
[BlackTeam "MyInvestor Casablanca B"]

1. Nf3 d5 2. g3 Nd7 3. d4 Nb6 4. Bg2 Bf5 5. O-O e6 6. Nbd2 Be7 7. c4 c6 8. b3 h6 9. a4 a5 10. Ba3 Bxa3 11. Rxa3 Nf6 12. Qc1 O-O 13. Qc3 Nbd7 14. Rc1 Qe7 15. Ra2 Ne4 16. Nxe4 Bxe4 17. Bf1 Rfe8 18. Nd2 Bg6 19. e3 Nf6 20. c5 Ne4 21. Nxe4 Bxe4 22. b4 axb4 23. Qxb4 b5 24. Rca1 bxa4 25. Rxa4 Rab8 26. Qd2 Qf6 27. f4 g5 28. Ra6 gxf4 29. exf4 Rb3 30. Ra8 Rxa8 31. Rxa8+ Kg7 32. Ra6 Qg6 33. Rb6 Ra3 34. Ra6 Rb3 35. Rb6 Ra3 36. Ra6 1/2-1/2

[Event "Campeonato de Aragon por Equipos 2024 - "]
[Site "?"]
[Date "2024.03.09"]
[Round "7.18"]
[White "Lorente Melcon, Maximo"]
[Black "Escartin Lacasa, Jose"]
[Result "0-1"]
[WhiteElo "2137"]
[BlackElo "2252"]
[PlyCount "84"]
[GameId "2166508134584819"]
[EventDate "2024.01.27"]
[WhiteTeam "MyInvestor Casablanca B"]
[BlackTeam "Jaque - Aramovil"]

1. e4 c5 2. Nf3 Nc6 3. d4 cxd4 4. Nxd4 Nf6 5. Nc3 e5 6. Ndb5 d6 7. Nd5 Nxd5 8. exd5 Nb8 9. a4 Be7 10. Be2 O-O 11. O-O Nd7 12. Kh1 a6 13. Na3 Nc5 14. Nc4 Nxa4 15. Rxa4 b5 16. Ra2 bxc4 17. Bxc4 f5 18. f4 Bf6 19. Qd3 a5 20. Bd2 Bd7 21. Bc3 exf4 22. Rxf4 Bxc3 23. Qxc3 Qg5 24. Qf3 Rfe8 25. h3 Re1+ 26. Kh2 a4 27. Bd3 g6 28. Qf2 Rae8 29. Qh4 Qxh4 30. Rxh4 Rb8 31. Bc4 Rb4 32. b3 Rc1 33. Kg3 Kg7 34. bxa4 g5 35. Rd4 Bxa4 36. h4 Rxc2 37. Rxc2 Bxc2 38. hxg5 Bb3 39. Bxb3 Rxd4 40. Kf2 Kg6 41. Ke3 Rg4 42. Kf3 Kxg5 0-1

[Event "Campeonato de Aragon por Equipos 2024 - "]
[Site "?"]
[Date "2024.03.09"]
[Round "7.19"]
[White "Calvo Simon, Jorge"]
[Black "Felipo Martinez, Marcos"]
[Result "1-0"]
[WhiteElo "2195"]
[BlackElo "2033"]
[PlyCount "65"]
[GameId "2166508134633972"]
[EventDate "2024.01.27"]
[WhiteTeam "Jaque - Aramovil"]
[BlackTeam "MyInvestor Casablanca B"]

1. c4 e6 2. g3 Nf6 3. Bg2 d5 4. Nf3 Bd6 5. O-O O-O 6. d4 Nc6 7. Nbd2 b6 8. e4 Nxe4 9. Nxe4 dxe4 10. Ng5 f5 11. d5 Ne7 12. dxe6 Qe8 13. f3 h6 14. fxe4 Bb7 15. Nf7 Bc5+ 16. Kh1 Qc6 17. Ne5 Qxe6 18. Nd7 Rfd8 19. Nxc5 bxc5 20. Qc2 Bxe4 21. Bxe4 fxe4 22. Be3 Rd3 23. Rae1 Rad8 24. Bxc5 Nf5 25. Qf2 g6 26. g4 Rd2 27. gxf5 Qxc4 28. Qe3 R2d3 29. Qxh6 Qxc5 30. Qxg6+ Kh8 31. Qh6+ Kg8 32. Rg1+ Kf7 33. Qe6+ 1-0

[Event "Campeonato de Aragon por Equipos 2024 - "]
[Site "?"]
[Date "2024.03.09"]
[Round "7.20"]
[White "Ruiz Fernandez, Daniel"]
[Black "Ereza Vizcarra, Fernando"]
[Result "1-0"]
[WhiteElo "2031"]
[BlackElo "2166"]
[PlyCount "77"]
[GameId "2166508134679029"]
[EventDate "2024.01.27"]
[WhiteTeam "MyInvestor Casablanca B"]
[BlackTeam "Jaque - Aramovil"]

1. e4 c5 2. Nf3 Nc6 3. d4 cxd4 4. Nxd4 Nf6 5. Nc3 e5 6. Ndb5 d6 7. Bg5 a6 8. Na3 Be6 9. Nc4 Rb8 10. h4 Be7 11. Bxf6 gxf6 12. Ne3 Nd4 13. Bd3 Qb6 14. a3 Qc6 15. Qh5 Nb5 16. Bxb5 axb5 17. O-O Kd7 18. Rfd1 Rhg8 19. Nf5 Rg6 20. Rd2 Rbg8 21. g3 Qc5 22. Kg2 b4 23. axb4 Qxb4 24. Qf3 Rc8 25. Rad1 Rc6 26. Nd5 Bxd5 27. exd5 Rc4 28. c3 Qa4 29. Kh2 Bd8 30. Ne3 Rxh4+ 31. gxh4 Qxh4+ 32. Qh3+ Qxh3+ 33. Kxh3 f5 34. Nxf5 Rg5 35. Ng3 f5 36. Rf1 e4 37. f4 Rg7 38. Nxf5 Rf7 39. Ne3 1-0

[Event "Campeonato de Aragon por Equipos 2024 - "]
[Site "?"]
[Date "2024.03.09"]
[Round "7.21"]
[White "Ciriano Lamban, Alejandro"]
[Black "Arrieta Restrepo, Steven"]
[Result "1-0"]
[WhiteElo "2006"]
[BlackElo "2079"]
[PlyCount "85"]
[GameId "2166508134777334"]
[EventDate "2024.01.27"]
[WhiteTeam "Marcos Frechin B"]
[BlackTeam "Monzon"]

1. Nf3 Nf6 2. g3 c5 3. Bg2 d5 4. O-O e6 5. c4 Be7 6. cxd5 exd5 7. d4 c4 8. Nc3 O-O 9. Bg5 Nc6 10. Rc1 Be6 11. Ne5 h6 12. Bxf6 Bxf6 13. Nxc6 bxc6 14. b3 cxb3 15. axb3 Qb6 16. e3 Rab8 17. Na4 Qxb3 18. Qxb3 Rxb3 19. Rxc6 Bd7 20. Rxf6 Bxa4 21. Rd6 Bb5 22. Rc1 Bc4 23. Bxd5 Bxd5 24. Rxd5 Ra3 25. Rc7 Ra2 26. Rdd7 a5 27. Ra7 a4 28. Rdc7 a3 29. Rc3 Ra1+ 30. Kg2 Rd8 31. Rcxa3 Rb1 32. Ra8 Rxa8 33. Rxa8+ Kh7 34. Kf3 Rb2 35. Ra4 f5 36. d5 Kg6 37. Rd4 Kf6 38. h4 g5 39. hxg5+ hxg5 40. g4 Rb7 41. gxf5 Kxf5 42. d6 Rd7 43. Kg3 1-0

[Event "Campeonato de Aragon por Equipos 2024 - "]
[Site "?"]
[Date "2024.03.09"]
[Round "7.22"]
[White "Barranco Mananet, Fernando"]
[Black "Atares Buisan, Sergio"]
[Result "0-1"]
[WhiteElo "2013"]
[BlackElo "1937"]
[PlyCount "100"]
[GameId "2166508134810103"]
[EventDate "2024.01.27"]
[WhiteTeam "Monzon"]
[BlackTeam "Marcos Frechin B"]

1. e4 c5 2. Nc3 Nc6 3. Bb5 Nd4 4. Nf3 a6 5. Bc4 e6 6. Nxd4 cxd4 7. Ne2 d5 8. exd5 exd5 9. Bd3 Bd6 10. Nxd4 Qg5 11. Qf3 Ne7 12. Be2 O-O 13. d3 Qe5 14. c3 f5 15. Qe3 Qf6 16. Qg5 Qf7 17. Bf4 Bc5 18. Nb3 Bb6 19. O-O h6 20. Qg3 Kh7 21. h4 Ng6 22. Bh5 Nxf4 23. Bxf7 Ne2+ 24. Kh2 Nxg3 25. fxg3 Rxf7 26. Rae1 Bd7 27. Re5 Re8 28. Rxd5 Bc6 29. Rdxf5 Rxf5 30. Rxf5 Re2 31. Nc5 Rxg2+ 32. Kh3 Rxb2 33. a4 Bxc5 34. Rxc5 Bxa4 35. d4 Rd2 36. d5 Bd7+ 37. g4 Rd3+ 38. Kg2 Bxg4 39. c4 b5 40. cxb5 axb5 41. Rxb5 Bd7 42. Rc5 Rxd5 43. Rc7 Rd4 44. Kg3 Kg6 45. Ra7 Kf6 46. Ra6+ Be6 47. h5 Rg4+ 48. Kf2 Rg5 49. Rb6 Rxh5 50. Ra6 Rc5 0-1

[Event "Campeonato de Aragon por Equipos 2024 - "]
[Site "?"]
[Date "2024.03.09"]
[Round "7.23"]
[White "Perez Tomas, Juan Manuel"]
[Black "Citoler Serrat, Adriano"]
[Result "1/2-1/2"]
[WhiteElo "1862"]
[BlackElo "1928"]
[PlyCount "97"]
[GameId "2166508134846968"]
[EventDate "2024.01.27"]
[WhiteTeam "Marcos Frechin B"]
[BlackTeam "Monzon"]

1. e4 e5 2. Nf3 Nc6 3. Bc4 Nf6 4. d3 Bc5 5. Be3 Bxe3 6. fxe3 d5 7. exd5 Nxd5 8. Qd2 O-O 9. O-O Be6 10. a4 h6 11. a5 Qd6 12. Na3 Rad8 13. e4 Nf4 14. Bxe6 Nxe6 15. Nc4 Qc5+ 16. Qf2 Qxf2+ 17. Rxf2 f6 18. Ne3 Ncd4 19. Ra4 Nxf3+ 20. Rxf3 Rd4 21. Ra2 Rd7 22. Ra4 Rd4 23. Ra3 Rd7 24. Rf1 Rfd8 25. b4 c6 26. Rb1 Nd4 27. Kf1 Kf7 28. Ke1 h5 29. h4 a6 30. Kd2 Ke6 31. Rf1 Rf7 32. Raa1 f5 33. exf5+ Nxf5 34. Nxf5 Rxf5 35. Rxf5 Kxf5 36. Rf1+ Ke6 37. c3 Rd7 38. Ke3 Rf7 39. Rxf7 Kxf7 40. Ke4 Ke6 41. c4 g6 42. d4 exd4 43. Kxd4 Kd6 44. g3 Ke6 45. Ke4 Kf6 46. Kf4 Ke6 47. Kg5 Kf7 48. Kh6 Kf6 49. Kh7 1/2-1/2

[Event "Campeonato de Aragon por Equipos 2024 - "]
[Site "?"]
[Date "2024.03.09"]
[Round "7.24"]
[White "Hidalgo Gracia, Andres"]
[Black "Prats Fares, Nahuel"]
[Result "1-0"]
[WhiteElo "1835"]
[BlackElo "1763"]
[PlyCount "117"]
[GameId "2166508134887929"]
[EventDate "2024.01.27"]
[WhiteTeam "Monzon"]
[BlackTeam "Marcos Frechin B"]

1. Nf3 d5 2. d4 e6 3. e3 Nf6 4. c4 c5 5. cxd5 exd5 6. Nc3 Nc6 7. Be2 Bf5 8. O-O c4 9. Ne5 Qa5 10. Bf3 Bb4 11. Nxd5 Nxd5 12. e4 Nxe5 13. dxe5 Be6 14. exd5 O-O-O 15. Qd4 Bxd5 16. Bxd5 Qxd5 17. Qxa7 Bc5 18. Qa4 b5 19. Qa6+ Kc7 20. Bf4 Ra8 21. e6+ Bd6 22. Bxd6+ Qxd6 23. Qxb5 Qc6 24. Qxc6+ Kxc6 25. exf7 Rhf8 26. Rfc1 Kb5 27. b3 cxb3 28. axb3 Rxa1 29. Rxa1 Rxf7 30. Re1 Rb7 31. g3 Kc5 32. Re3 Kd4 33. h4 h5 34. Kg2 Rf7 35. Rf3 Rb7 36. Rf5 Rxb3 37. Rxh5 Ke4 38. Rg5 Rb7 39. f3+ Ke3 40. Re5+ Kd4 41. Re4+ Kd5 42. g4 Kd6 43. h5 Rb5 44. Kg3 Rb1 45. g5 Rg1+ 46. Kf4 Rh1 47. Kg4 Rg1+ 48. Kf5 Rh1 49. Kg6 Rg1 50. f4 Rh1 51. Kxg7 Rxh5 52. Kg6 Rh4 53. Kf5 Kd5 54. Re1 Kd6 55. g6 Rh2 56. Kf6 Kd7 57. Kf7 Rf2 58. Re4 Kd6 59. g7 1-0

[Event "Campeonato de Aragon por Equipos 2024 - "]
[Site "?"]
[Date "2024.03.09"]
[Round "7.25"]
[White "Llanes Luno, Ricardo"]
[Black "Lana Rodriguez, David"]
[Result "1/2-1/2"]
[WhiteElo "2149"]
[BlackElo "2382"]
[PlyCount "131"]
[GameId "2166508134937082"]
[EventDate "2024.01.27"]
[WhiteTeam "Delicias"]
[BlackTeam "Teruel"]

1. e4 g6 2. d4 Bg7 3. g3 d5 4. e5 c5 5. c3 Nc6 6. Bg2 cxd4 7. cxd4 Qb6 8. Ne2 Bg4 9. Nbc3 Bxe2 10. Nxe2 e6 11. O-O Nge7 12. b3 Nf5 13. Bb2 h5 14. h3 Rc8 15. a3 O-O 16. Qd3 Na5 17. b4 Nc4 18. Bc1 Qc7 19. g4 hxg4 20. hxg4 Nxd4 21. Nxd4 Nxe5 22. Qg3 Qc3 23. Qxc3 Rxc3 24. Bb2 Rd3 25. Rfd1 Rxd1+ 26. Rxd1 Nxg4 27. Rc1 Be5 28. Rc2 Re8 29. Bf3 Nh6 30. Nb5 Bb8 31. Bf6 Nf5 32. Kg2 a6 33. Nc3 Rc8 34. Rc1 Bf4 35. Rh1 Bh6 36. Ne2 Bg7 37. Bxg7 Kxg7 38. Rc1 Rxc1 39. Nxc1 Nd6 40. Nd3 f5 41. a4 Kf6 42. a5 Ke7 43. Kg3 g5 44. Bg2 Nc8 45. Nc5 Na7 46. Nxb7 Nc6 47. b5 axb5 48. Bf1 b4 49. a6 e5 50. Bb5 Na7 51. Ba4 e4 52. Nc5 Kd6 53. Nb3 Ke5 54. Na5 Kd6 55. Nb3 Ke5 56. Na5 f4+ 57. Kg4 Kd6 58. Nb3 Nc6 59. Kxg5 e3 60. fxe3 fxe3 61. Nc1 Nd4 62. a7 Ne6+ 63. Kg4 Nc7 64. Kf4 d4 65. Ke4 Kc5 66. Nb3+ 1/2-1/2

[Event "Campeonato de Aragon por Equipos 2024 - "]
[Site "?"]
[Date "2024.03.09"]
[Round "7.26"]
[White "Dominguez Bujeda, Jesus"]
[Black "Lamas Mercadal, Manuel"]
[Result "1-0"]
[WhiteElo "2062"]
[BlackElo "2098"]
[PlyCount "83"]
[GameId "2166508134973947"]
[EventDate "2024.01.27"]
[WhiteTeam "Teruel"]
[BlackTeam "Delicias"]

1. d4 Nf6 2. c4 c5 3. d5 g6 4. Nc3 Bg7 5. e4 d6 6. Bd3 e6 7. h3 O-O 8. Nf3 Na6 9. Be3 exd5 10. exd5 Nc7 11. O-O b5 12. Qd2 bxc4 13. Bxc4 Re8 14. Bg5 Rb8 15. Rfe1 Bd7 16. Rxe8+ Bxe8 17. Re1 Nb5 18. Ne4 Nxe4 19. Bxd8 Nxd2 20. Rxe8+ Bf8 21. Nxd2 f5 22. Bxb5 Rxb5 23. Nc4 Rb8 24. Nxd6 Kg7 25. Bf6+ Kxf6 26. Rxb8 Bxd6 27. Rb7 a5 28. Rxh7 c4 29. Ra7 Be5 30. Ra6+ Kf7 31. Rc6 Bxb2 32. Rxc4 Kf6 33. Rc5 a4 34. Rb5 a3 35. f4 Ke7 36. Kf1 Bd4 37. Ke2 Kd6 38. Kd3 Bc5 39. Kc4 Be3 40. g3 Bf2 41. Rb3 Bc5 42. Rb8 1-0

[Event "Campeonato de Aragon por Equipos 2024 - "]
[Site "?"]
[Date "2024.03.09"]
[Round "7.27"]
[White "Llanes Luno, Pedro Alfredo"]
[Black "Navarro Remon, Mario"]
[Result "1-0"]
[WhiteElo "2063"]
[BlackElo "1864"]
[PlyCount "87"]
[GameId "2166508135014908"]
[EventDate "2024.01.27"]
[WhiteTeam "Delicias"]
[BlackTeam "Teruel"]

1. e4 c5 2. Nf3 Nc6 3. Nc3 g6 4. h4 Nf6 5. Nd5 Bg7 6. d3 e6 7. Nxf6+ Qxf6 8. c3 h6 9. Be3 d6 10. Be2 e5 11. Qd2 Bg4 12. Ng1 Be6 13. Nf3 Qe7 14. b4 f5 15. b5 Na5 16. c4 b6 17. Qc2 f4 18. Bd2 Nb7 19. Bc3 Rg8 20. a4 a5 21. bxa6 Rxa6 22. Qb3 Bd7 23. Kd2 Kf7 24. Bd1 Bf6 25. Qb2 Rga8 26. g3 fxg3 27. fxg3 Bg4 28. Nxe5+ Bxe5 29. Bxe5 Bxd1 30. Rf1+ Kg8 31. Bf6 Qd7 32. Kxd1 Rxa4 33. Rxa4 Rxa4 34. Ke1 Rb4 35. Qc1 Qh3 36. Kf2 Qh2+ 37. Kf3 Kh7 38. Rf2 Qh3 39. Bc3 Rb3 40. Qc2 Qh1+ 41. Ke2 Rb1 42. Qa4 b5 43. Rf7+ Kg8 44. Rg7+ 1-0

[Event "Campeonato de Aragon por Equipos 2024 - "]
[Site "?"]
[Date "2024.03.09"]
[Round "7.28"]
[White "Arpa Pardos, Emilio"]
[Black "Gaspar Calvo, Luis Alberto"]
[Result "1/2-1/2"]
[WhiteElo "1799"]
[BlackElo "1839"]
[PlyCount "88"]
[GameId "2166508135055869"]
[EventDate "2024.01.27"]
[WhiteTeam "Teruel"]
[BlackTeam "Delicias"]

1. e4 c5 2. Nf3 e6 3. d4 cxd4 4. Nxd4 a6 5. Be2 Nf6 6. Nc3 Qc7 7. O-O Bb4 8. Bg5 Bxc3 9. Bxf6 gxf6 10. bxc3 Qxc3 11. Rb1 Nc6 12. Nb3 Rg8 13. Kh1 Qe5 14. Nd2 Qg5 15. Rg1 Nd4 16. Nc4 Nxe2 17. Nd6+ Kf8 18. Qxe2 b5 19. c4 Rg6 20. Rb3 Qe5 21. Nxc8 Rxc8 22. cxb5 axb5 23. Rxb5 d5 24. Rb4 Rh6 25. g3 dxe4 26. Rxe4 Qc3 27. Re3 Qc6+ 28. Qf3 Rh5 29. Qxc6 Rxc6 30. Ra1 Ra5 31. Rf3 f5 32. Rf4 Ra3 33. Kg2 Rc2 34. Rf3 Raxa2 35. Rb1 h5 36. Rb4 Kg7 37. h3 Re2 38. Rh4 Kg6 39. g4 hxg4 40. hxg4 Kg5 41. Rh5+ Kg6 42. Rh4 Kg5 43. Rh5+ Kg6 44. Rh4 Kg5 1/2-1/2

[Event "Campeonato de Aragon por Equipos 2024 - "]
[Site "?"]
[Date "2024.03.09"]
[Round "7.29"]
[White "Lopez Gracia, Fernando"]
[Black "Ramon Perez, Jose Luis"]
[Result "1-0"]
[WhiteElo "2252"]
[BlackElo "2189"]
[PlyCount "109"]
[GameId "2166508135092734"]
[EventDate "2024.01.27"]
[WhiteTeam "Iberajedrez Mundo 64"]
[BlackTeam "Fraga"]

1. c4 c5 2. g3 g6 3. Bg2 Bg7 4. Nc3 Nc6 5. a3 d6 6. Rb1 f5 7. b4 Nf6 8. bxc5 dxc5 9. Bxc6+ bxc6 10. Qa4 Qd6 11. Nf3 O-O 12. O-O Nh5 13. Bb2 h6 14. Qa5 e5 15. d3 Re8 16. Na4 Rb8 17. Qxc5 Qxc5 18. Nxc5 Rxb2 19. Rxb2 e4 20. Rb8 exf3 21. exf3 Kf7 22. Ra8 Bf8 23. Rxa7+ Re7 24. Rxe7+ Bxe7 25. d4 Bxc5 26. dxc5 Be6 27. a4 Ke7 28. a5 Bxc4 29. Rc1 Ba6 30. Rb1 Kd7 31. Rb6 Bc8 32. a6 Kc7 33. a7 Bb7 34. Rb2 Nf6 35. Re2 Nd7 36. Re6 Nxc5 37. Rxg6 Kb6 38. Rxh6 Kxa7 39. h4 Nb3 40. Rf6 c5 41. Kf1 Nd4 42. h5 c4 43. Rd6 c3 44. Ke1 Nxf3+ 45. Kd1 Be4 46. h6 c2+ 47. Kc1 Ng1 48. Rd2 f4 49. gxf4 Kb6 50. Rxc2 Nh3 51. Re2 Bf5 52. Re5 Bd3 53. Kd2 Bb1 54. Rh5 Nxf4 55. h7 1-0

[Event "Campeonato de Aragon por Equipos 2024 - "]
[Site "?"]
[Date "2024.03.09"]
[Round "7.30"]
[White "Vallverdu Miret, Oscar"]
[Black "Palacios Latasa, Elias"]
[Result "0-1"]
[WhiteElo "2084"]
[BlackElo "2170"]
[PlyCount "134"]
[GameId "2166508135199231"]
[EventDate "2024.01.27"]
[WhiteTeam "Fraga"]
[BlackTeam "Iberajedrez Mundo 64"]

1. d4 Nf6 2. Bf4 c5 3. e3 cxd4 4. exd4 g6 5. Nf3 Bg7 6. Be2 Nc6 7. O-O Qb6 8. Bc1 d5 9. Nbd2 Nxd4 10. Nb3 Nxe2+ 11. Qxe2 Bg4 12. Be3 Qc7 13. Rfe1 O-O 14. h3 Bxf3 15. Qxf3 Ne4 16. c3 a6 17. Rad1 Rad8 18. Rd3 e6 19. Red1 b6 20. Bf4 Qc8 21. Qe2 Qc4 22. Be3 Nc5 23. Nxc5 bxc5 24. b3 Qe4 25. f3 Qe5 26. Qf2 d4 27. cxd4 cxd4 28. Bxd4 Qf5 29. R3d2 e5 30. Bc5 Rxd2 31. Qxd2 Rc8 32. b4 Bf6 33. Qe2 a5 34. Qa6 axb4 35. Bxb4 h5 36. a3 Bg5 37. Qd3 Qe6 38. Qe2 Kg7 39. Rd6 Rc1+ 40. Rd1 Rc6 41. Qe4 Bf4 42. Qd3 Qa2 43. Qb1 Qe2 44. Qd3 Be3+ 45. Kh1 Qxd3 46. Rxd3 Rc1+ 47. Kh2 Bf4+ 48. g3 Rc2+ 49. Kg1 Bxg3 50. a4 Ra2 51. Ra3 Rxa3 52. Bxa3 Be1 53. Bb2 f6 54. Kf1 Ba5 55. Ke2 Kf7 56. Kd3 Ke6 57. Kc4 Kf5 58. Bc3 Bd8 59. a5 Bxa5 60. Bxa5 Kf4 61. Bd8 f5 62. Bc7 Kxf3 63. Bxe5 g5 64. Kd3 g4 65. hxg4 fxg4 66. Kd2 h4 67. Ke1 Kg2 0-1